Work incentive and productivity in Spain

Vzťah medzi pridanou hodnotou v produkcii firmy, výškou miezd zamestnancov a mierou nezamestnanosti. Aplikácia modelu efektívnych miezd v analýze španielskych firiem v rokoch 2004-2009.

Salvato in:
Dettagli Bibliografici
Autore principale: Pisa, Mabel
Altri autori: Sánchez, Rosario
Natura: Capitolo di libro
Lingua:inglese
Soggetti:
Tags: Aggiungi Tag
Nessun Tag, puoi essere il primo ad aggiungerne!!

MARC

LEADER 00000naa a2200000 4500
001 0222275
005 20230912081402.8
041 0 |a eng 
044 |a CZ 
245 1 0 |a Work incentive and productivity in Spain  |c Mabel Pisa, Rosario Sánchez 
520 |a Vzťah medzi pridanou hodnotou v produkcii firmy, výškou miezd zamestnancov a mierou nezamestnanosti. Aplikácia modelu efektívnych miezd v analýze španielskych firiem v rokoch 2004-2009. 
610 2 0 |a efektívnosť ekonomická 
610 2 0 |a Španielsko 
610 2 0 |a hodnota pridaná 
610 2 0 |a mzdy 
610 2 0 |a trh práce 
610 2 0 |a produktivita 
100 1 |a Pisa, Mabel 
700 1 |a Sánchez, Rosario